000 00969nam a22003137a 4500
001 BR7908410
003 BR-BrBNA
005 20230928090355.0
007 ta
008 230509b bl.||||| |||| 00| 0 por d
040 _aBR-BrBNA
_bpor
_cBiblioteca Nacional de Agricultura
041 _a(Por)
072 _aF25; H50
_b3801
_b/G514
090 _ 3801 BR7908410
100 1 _aAraujo, F.S. de (ed.)
110 1 _aComissao Estadual de Fertilidade do Solo, Sao Luis, MA (Brasil)
_92022
245 1 _aRecomendacoes para o uso de fertilizantes no Estado do Maranhao [Brasil]
_bAproximacao 1
260 3 _aSao Luis, MA (Brasil):
_bEmpresa de Assistencia Tecnica e Extensao Rural do Estado do Maranhao,
_c1979.
300 _a62 p.
650 _aFERTILIZANTE
650 _aADUBACAO
650 _aNPK
650 _aDEFICIENCIA MINERAL
650 _aMICROELEMENTO
650 _aSOLO
650 _aMARANHAO
909 _a202309
_bLucia
_c55
_dLucia Elande
942 _cBK
999 _c28607
_d28607